LEADER 01122nam0-2200301---450- 001 990009212830403321 005 20100906114208.0 035 $a000921283 035 $aFED01000921283 035 $a(Aleph)000921283FED01 035 $a000921283 100 $a20100728d1973----km-y0itay50------ba 101 0 $aita 102 $aIT 105 $ay-------001yy 200 1 $aStato e regione$eorientamenti storiografici sull'Italia dell'Ottocento 210 $aGubbio$cCentro di studi umbri$d1973 215 $a579-649 p.$d25 cm 300 $aEstratto da: Prospettive di storia umbra nell'età del Risorgimento. Atti dell'8. Convegno di studi umbri, Gubbio-Perugia, 31 maggio-4 giugno 1970 : Centro di studi umbri, Casa di Sant'Ubaldo in Gubbio e Palazzo della Sapienza in Perugia a cura della Facoltà di Lettere e filosofia dell'Università degli studi 610 0 $aCongressi$aGubbio$a1970 676 $a945.65$v18$zita 801 0$aIT$bUNINA$gREICAT$2UNIMARC 901 $aBK 912 $a990009212830403321 952 $aXII E 48$b45897$fFSPBC 959 $aFSPBC 996 $aStato e regione$9777099 997 $aUNINA LEADER 01105nam a2200265 i 4500 001 991003231949707536 005 20020503185232.0 008 000908s1980 fr ||| | fre 035 $ab10476763-39ule_inst 035 $aEXGIL117384$9ExL 040 $aBiblioteca Interfacoltà$bita 082 0 $a823.91 100 1 $aGuillemard, Colette$0468941 245 13$aLe labyrinthe romanesque de Lawrence Durrell /$cColette Guillemard 260 $aLille :$bAtelier réproduction des thèses,$c1980 300 $a2 v. ;$c24 cm. 500 $aThèse présentée devant l'Universitè de Paris 3. le 13 Juin 1973 650 4$aDurrell, Lawrence 907 $a.b10476763$b02-04-14$c27-06-02 912 $a991003231949707536 945 $aLE002 In. IV E 10 I$cV. 1$g1$i2002000925336$lle002$o-$pE0.00$q-$rl$s- $t0$u0$v0$w0$x0$y.i10550690$z27-06-02 945 $aLE002 In. IV E 10 II$cV. 2$g1$i2002000925329$lle002$o-$pE0.00$q-$rl$s- $t0$u0$v0$w0$x0$y.i10550707$z27-06-02 996 $aLabyrinthe romanesque de Lawrence Durrell$9213896 997 $aUNISALENTO 998 $ale002$b01-01-00$cm$da $e-$ffre$gfr $h3$i2 LEADER 03772 am 2200721 n 450 001 9910342656003321 005 20190607 010 $a2-7535-6672-0 024 7 $a10.4000/books.pur.100931 035 $a(CKB)4100000009526208 035 $a(FrMaCLE)OB-pur-100931 035 $a(oapen)https://directory.doabooks.org/handle/20.500.12854/46512 035 $a(PPN)267959567 035 $a(EXLCZ)994100000009526208 100 $a20191011j|||||||| ||| 0 101 0 $afre 135 $auu||||||m|||| 181 $ctxt$2rdacontent 182 $cc$2rdamedia 183 $acr$2rdacarrier 200 10$aEntre mémoire collective et histoire officielle $eL'histoire du temps présent en Amérique latine /$fLuc Capdevila, Frédérique Langue 210 $aRennes $cPresses universitaires de Rennes$d2019 215 $a1 online resource (282 p.) 311 $a2-7535-0885-2 330 $aCet ouvrage explore les différentes approches menées en histoire du temps présent latino-américain par des historiens, des sociologues, des anthropologues d'Europe et d'Amérique latine. Si la violence des années de guerre froide a marqué en profondeur cette partie du continent, le XIXe siècle des indépendances et de la formation républicaine comme le passé colonial ne sont pas pour autant absents. Bien au contraire, ces moments anciens demeurent intensément constitutifs du passé/présent qui travaille ces sociétés. En effet, le processus d'ouverture et de renouvellement politique qui s'affirme aujourd'hui en Amérique latine favorise conjointement un mouvement de démocratisation de la relation au passé et dans l'écriture de l'histoire. Les mémoires indiennes, l'enquête orale, la transmission du souvenir par le théâtre alternatif participent de ces nombreuses voies qui expérimentent la démocratisation de l'histoire. Entre mémoire collective et histoire officielle analyse ainsi la relation que ces sociétés construisent aujourd'hui avec un passé/présent inscrit dans la longue durée, où cohabitent les héros plus que les victimes, où comme on l'observe par ailleurs dans l'Espagne contemporaine la mémoire individuelle et collective est davantage perçue comme un droit et non comme un devoir, dans la perspective de pouvoir vivre ensemble. 606 $aHistory 606 $amémoire historique 606 $amémoire collective 606 $aAmérique latine 606 $ahistoire des mentalités 610 $aAmérique latine 610 $ahistoire des mentalités 610 $amémoire historique 610 $amémoire collective 615 4$aHistory 615 4$amémoire historique 615 4$amémoire collective 615 4$aAmérique latine 615 4$ahistoire des mentalités 700 $aAlbarrán$b Daniela$01313565 701 $aArzú$b Marta Casaús$01313566 701 $aBoidin$b Capucine$01287090 701 $aBorgeaud-Garciandía$b Natacha$01313567 701 $aBorras$b Gérard$0914495 701 $aBurgos$b Élizabeth$0184198 701 $aCapdevila$b Luc$0927633 701 $aCaurey$b Elías$01313568 701 $aCombès$b Isabelle$01237352 701 $aGárate$b Manuel$01313569 701 $aJoly$b Maud$01300729 701 $aLangue$b Frédérique$01196123 701 $aOrtiz$b Elio$01313570 701 $aPedro$b Joana Maria$01313571 701 $aRaimondi$b Marta Mariasole$01313572 701 $aRichard$b Nicolas$01292649 701 $aWolff$b Cristina Scheibe$01293443 701 $aCapdevila$b Luc$0927633 701 $aLangue$b Frédérique$01196123 801 0$bFR-FrMaCLE 906 $aBOOK 912 $a9910342656003321 996 $aEntre mémoire collective et histoire officielle$93031430 997 $aUNINA LEADER 02040nam 2200445 450 001 9910794813203321 005 20230809234002.0 010 $a0-88414-223-X 035 $a(CKB)4340000000192278 035 $a(DLC) 2017012087 035 $a(MiAaPQ)EBC4923781 035 $a(EXLCZ)994340000000192278 100 $a20170818h20172017 uy 0 101 0 $aeng 135 $aur||||||||||| 181 $2rdacontent 182 $2rdamedia 183 $2rdacarrier 200 10$aSargon II, King of Assyria /$fJosette Elayi 210 1$aAtlanta, [Georgia] :$cSBL Press,$d2017. 210 4$d©2017 215 $a1 online resource 225 1 $aArchaeology and Biblical Studies ;$vNumber 22 311 $a0-88414-224-8 320 $aIncludes bibliographical references and indexes. 327 $aPortrait of Sargon -- Sargon's Ascent to the Throne -- Heir to the Assyrian Empire -- The Conquest of the West -- The North-West of the Empire -- The Wars in the North of the Empire -- Neutralization of the Eastern States -- Recurring Problems in the South -- End of Reign -- Chronological Synthesis of Sargon's Reign. 330 $aElayi's book is the only existing biography of Sargon II, the famous Assyrian king, who was a megalomaniac and a warlord. Among the most important questions addressed in the book are the following: what was his precise role in the disappearance of the kingdom of Israel? How did he succeed in enlarging the borders of the Assyrian Empire by several successful campaigns? How did he organize his empire (administration, trade, agriculture, libraries)? What was the so-called 'sin" of Sargon? 410 0$aArchaeology and biblical studies ;$vNumber 22. 607 $aAssyria$xHistory 607 $aAssyria$xHistory, Military 676 $a935/.03092 676 $aB 700 $aElayi$b Josette$0459768 801 0$bMiAaPQ 801 1$bMiAaPQ 801 2$bMiAaPQ 906 $aBOOK 912 $a9910794813203321 996 $aSargon II, King of Assyria$93711525 997 $aUNINA